[Event "Campeonato España Sub 16"]
[Site "Salobreña"]
[Date "2017.07.25"]
[Round "3"]
[White "Sole Pijuan, Ferran"]
[Black "Arjona Casado, Abel"]
[Result "0-1"]
[Board "19"]
[WhiteClock "1:30"]
[WhiteElo "2216"]
[WhiteCountry "ESP"]
[WhiteFideId "32045611"]
[WhiteEloChange "-18"]
[BlackClock "1:30"]
[BlackElo "1828"]
[BlackCountry "ESP"]
[BlackFideId "24513296"]
[BlackEloChange "18"]

1. d4 {[%clk 1:30:00]} d5 {[%clk 1:30:00]} 2. c4 {[%clk 1:31:00]} c6 {[%clk
1:30:00]} 3. Nf3 {[%clk 1:31:00]} Nf6 {[%clk 1:30:00]} 4. e3 {[%clk 1:31:00]} e6
{[%clk 1:30:00]} 5. b3 {[%clk 1:29:00]} Nbd7 {[%clk 1:26:00]} 6. Bd3 {[%clk
1:26:00]} Bd6 {[%clk 1:24:00]} 7. Bb2 {[%clk 1:25:00]} O-O {[%clk 1:23:00]} 8.
O-O {[%clk 1:26:00]} Ne4 {[%clk 1:20:00]} 9. Qc2 {[%clk 1:15:00]} f5 {[%clk
1:17:00]} 10. c5 {[%clk 1:07:00]} Bc7 {[%clk 1:11:00]} 11. b4 {[%clk 1:01:00]}
Rf6 {[%clk 1:07:00]} 12. Nbd2 {[%clk 0:57:00]} Rh6 {[%clk 1:05:00]} 13. Ne5
{[%clk 0:41:00]} Nxd2 {[%clk 0:54:00]} 14. Qxd2 {[%clk 0:41:00]} Qh4 {[%clk
0:54:00]} 15. h3 {[%clk 0:40:00]} Nxe5 {[%clk 0:46:00]} 16. dxe5 {[%clk 0:41:00]}
g5 {[%clk 0:46:00]} 17. f3 {[%clk 0:38:00]} Qg3 {[%clk 0:40:00]} 18. Qf2 {[%clk
0:32:00]} Bxe5 {[%clk 0:35:00]} 19. Qxg3 {[%clk 0:32:00]} Bxg3 {[%clk 0:35:00]}
20. e4 {[%clk 0:31:00]} Bd7 {[%clk 0:29:00]} 21. a4 {[%clk 0:28:00]} fxe4 {[%clk
0:20:00]} 22. fxe4 {[%clk 0:28:00]} e5 {[%clk 0:20:00]} 23. exd5 {[%clk 0:20:00]}
cxd5 {[%clk 0:19:55]} 24. Bb5 {[%clk 0:16:11]} Bxb5 {[%clk 0:16:26]} 25. axb5
{[%clk 0:16:33]} d4 {[%clk 0:16:30]} 26. b6 {[%clk 0:15:04]} a6 {[%clk 0:16:15]}
27. Rf5 {[%clk 0:11:35]} Bf4 {[%clk 0:15:39]} 28. b5 {[%clk 0:10:06]} a5 {[%clk
0:14:23]} 29. Bc1 {[%clk 0:10:28]} Re6 {[%clk 0:12:09]} 30. h4 {[%clk 0:08:45]}
h6 {[%clk 0:09:41]} 31. hxg5 {[%clk 0:08:59]} hxg5 {[%clk 0:09:47]} 32. g3 {[%clk
0:09:07]} Bxc1 {[%clk 0:08:35]} 33. Rxc1 {[%clk 0:09:32]} Rc8 {[%clk 0:07:42]}
34. c6 {[%clk 0:08:40]} d3 {[%clk 0:05:41]} 35. Rxg5+ {[%clk 0:07:54]} Kh7 {[%clk
0:03:09]} 36. Kf2 {[%clk 0:06:47]} d2 {[%clk 0:02:21]} 37. Rh1+ {[%clk 0:05:24]}
Rh6 {[%clk 0:02:49]} 38. Rgh5 {[%clk 0:04:59]} Rxh5 {[%clk 0:02:13]} 39. Rxh5+
{[%clk 0:05:24]} Kg6 {[%clk 0:02:37]} 40. Rh1 {[%clk 0:05:51]} bxc6 {[%clk
0:01:32]} 41. b7 {[%clk 0:03:28]} Rf8+ {[%clk 0:01:54]} 42. Ke2 {[%clk 0:03:53]}
cxb5 {[%clk 0:02:05]} 43. Ra1 {[%clk 0:02:03]} Rb8 {[%clk 0:02:20]} 44. Rxa5
{[%clk 0:02:25]} Rxb7 {[%clk 0:02:43]} 45. Kxd2 {[%clk 0:02:49]} Kf5 {[%clk
0:02:51]} 46. Ke3 {[%clk 0:03:00]} b4 {[%clk 0:02:21]} 47. Kd2 {[%clk 0:02:20]}
b3 {[%clk 0:01:50]} 48. Kc1 {[%clk 0:02:44]} b2+ {[%clk 0:01:36]} 49. Kb1 {[%clk
0:03:06]} Ke4 {[%clk 0:01:25]} 50. g4 {[%clk 0:03:20]} Kf4 {[%clk 0:01:25]} 51.
g5 {[%clk 0:03:20]} e4 {[%clk 0:01:25]} 52. g6 {[%clk 0:03:20]} e3 {[%clk
0:01:25]} 53. Ra8 {[%clk 0:03:20]} e2 {[%clk 0:01:25]} 54. Re8 {[%clk 0:03:20]}
Kf3 {[%clk 0:01:25]} 55. Rf8+ {[%clk 0:03:20]} Kg2 {[%clk 0:01:25]} 56. Re8
{[%clk 0:03:20]} Kf1 {[%clk 0:01:25]} 57. Rf8+ {[%clk 0:03:20]} Ke1 {[%clk
0:01:25]} 58. Rf6 {[%clk 0:03:20]} Rd7 {[%clk 0:01:25]} 59. Kxb2 {[%clk 0:03:20]}
Kd2 {[%clk 0:01:25]} 60. Rf7 {[%clk 0:03:20]} Rd8 {[%clk 0:01:25]} 61. g7 {[%clk
0:03:20]} e1Q {[%clk 0:01:25]} 62. Rd7+ {[%clk 0:03:20]} Rxd7 {[%clk 0:01:25]}
63. g8Q {[%clk 0:03:20]} Qe5+ {[%clk 0:01:25]} 0-1

[Event "Campeonato España Sub 16"]
[Site "Salobreña"]
[Date "2017.07.25"]
[Round "3"]
[White "Bono Monreal, Alberto"]
[Black "Orantes Taboada, Francisco"]
[Result "0-1"]
[Board "20"]
[WhiteClock "1:30"]
[WhiteElo "1837"]
[WhiteCountry "ESP"]
[WhiteFideId "32029845"]
[WhiteEloChange "-2"]
[BlackClock "1:30"]
[BlackTitle "FM"]
[BlackElo "2183"]
[BlackCountry "ESP"]
[BlackFideId "22274758"]
[BlackEloChange "2"]

1. e4 {[%clk 1:30:00]} c5 {[%clk 1:30:00]} 2. c3 {[%clk 1:31:00]} d5 {[%clk
1:31:00]} 3. exd5 {[%clk 1:31:00]} Qxd5 {[%clk 1:31:00]} 4. d4 {[%clk 1:32:00]}
Nf6 {[%clk 1:32:00]} 5. Nf3 {[%clk 1:32:00]} Bg4 {[%clk 1:32:00]} 6. Be2 {[%clk
1:32:00]} e6 {[%clk 1:33:00]} 7. h3 {[%clk 1:33:00]} Bh5 {[%clk 1:33:00]} 8. O-O
{[%clk 1:33:00]} Nc6 {[%clk 1:33:00]} 9. Be3 {[%clk 1:34:00]} cxd4 {[%clk
1:34:00]} 10. Nxd4 {[%clk 1:34:00]} Nxd4 {[%clk 1:19:00]} 11. Bxd4 {[%clk
1:32:00]} Bxe2 {[%clk 1:20:00]} 12. Qxe2 {[%clk 1:33:00]} Be7 {[%clk 1:20:00]}
13. Rd1 {[%clk 1:31:00]} Qc6 {[%clk 1:20:00]} 14. Nd2 {[%clk 1:29:00]} O-O {[%clk
1:19:00]} 15. Nf3 {[%clk 1:14:00]} Nd5 {[%clk 1:14:00]} 16. c4 {[%clk 1:08:00]}
Nc7 {[%clk 1:09:00]} 17. Bc3 {[%clk 0:59:00]} Rfd8 {[%clk 0:55:00]} 18. Ne5
{[%clk 0:44:00]} Qe8 {[%clk 0:56:00]} 19. Qe4 {[%clk 0:40:00]} Rab8 {[%clk
0:52:00]} 20. Rxd8 {[%clk 0:40:00]} Qxd8 {[%clk 0:52:00]} 21. Qe3 {[%clk
0:38:00]} f6 {[%clk 0:50:00]} 22. Nf3 {[%clk 0:35:00]} b6 {[%clk 0:45:00]} 23. a3
{[%clk 0:36:00]} e5 {[%clk 0:45:00]} 24. Bb4 {[%clk 0:35:00]} Ne6 {[%clk
0:45:00]} 25. Bxe7 {[%clk 0:19:10]} Qxe7 {[%clk 0:45:00]} 26. Rd1 {[%clk
0:19:32]} Kf7 {[%clk 0:44:00]} 27. Qe4 {[%clk 0:17:14]} Rc8 {[%clk 0:44:00]} 28.
Qxh7 {[%clk 0:14:56]} Rxc4 {[%clk 0:44:00]} 29. Qd3 {[%clk 0:15:12]} Rc7 {[%clk
0:41:00]} 30. Qd5 {[%clk 0:14:20]} Qc5 {[%clk 0:41:00]} 31. Qd3 {[%clk 0:12:19]}
Qc2 {[%clk 0:39:00]} 32. Qxc2 {[%clk 0:10:16]} Rxc2 {[%clk 0:39:00]} 33. Rd7+
{[%clk 0:10:41]} Kg6 {[%clk 0:39:00]} 34. b4 {[%clk 0:11:07]} Rc1+ {[%clk
0:39:00]} 35. Kh2 {[%clk 0:11:29]} Rc7 {[%clk 0:39:00]} 36. Rxc7 {[%clk 0:07:27]}
Nxc7 {[%clk 0:40:00]} 37. g4 {[%clk 0:07:53]} Nb5 {[%clk 0:38:00]} 38. a4 {[%clk
0:08:01]} Nc3 {[%clk 0:38:00]} 39. a5 {[%clk 0:08:29]} b5 {[%clk 0:39:00]} 40.
Nh4+ {[%clk 0:08:28]} Kf7 {[%clk 0:38:00]} 41. Nf5 {[%clk 0:08:54]} a6 {[%clk
0:38:00]} 42. Nd6+ {[%clk 0:05:08]} Ke7 {[%clk 0:38:00]} 43. Nf5+ {[%clk
0:05:03]} Kf7 {[%clk 0:37:00]} 44. Nd6+ {[%clk 0:05:32]} Ke6 {[%clk 0:37:00]} 45.
Ne8 {[%clk 0:05:25]} Nd5 {[%clk 0:37:00]} 46. Nxg7+ {[%clk 0:05:42]} Kf7 {[%clk
0:38:00]} 47. Nf5 {[%clk 0:05:44]} Nxb4 {[%clk 0:38:00]} 48. Nd6+ {[%clk
0:05:37]} Ke7 {[%clk 0:38:00]} 49. Nb7 {[%clk 0:05:45]} Nd3 {[%clk 0:37:00]} 50.
Kg3 {[%clk 0:05:37]} b4 {[%clk 0:38:00]} 51. h4 {[%clk 0:05:32]} b3 {[%clk
0:38:00]} 52. h5 {[%clk 0:05:55]} b2 {[%clk 0:38:00]} 0-1

[Event "Campeonato España Sub 16"]
[Site "Salobreña"]
[Date "2017.07.25"]
[Round "3"]
[White "Clemente Chen, Alfredo"]
[Black "Torcal Miguel, Oscar"]
[Result "0-1"]
[Board "21"]
[WhiteClock "n/a"]
[WhiteElo "1809"]
[WhiteCountry "ESP"]
[WhiteFideId "32066023"]
[WhiteEloChange "-4"]
[BlackClock "n/a"]
[BlackElo "2033"]
[BlackCountry "ESP"]
[BlackFideId "32025700"]
[BlackEloChange "4"]

1. e4 {[%clk 1:30:30]} c5 {[%clk 1:30:30]} 2. Nf3 {[%clk 1:30:30]} d6 {[%clk
1:30:30]} 3. Bb5+ {[%clk 1:30:30]} Bd7 {[%clk 1:30:30]} 4. Bxd7+ {[%clk 1:30:30]}
Qxd7 {[%clk 1:30:30]} 5. O-O {[%clk 1:30:30]} Nc6 {[%clk 1:30:30]} 6. c3 {[%clk
1:30:30]} g6 {[%clk 1:30:30]} 7. d4 {[%clk 1:30:30]} cxd4 {[%clk 1:30:30]} 8.
cxd4 {[%clk 1:30:30]} Bg7 {[%clk 1:30:30]} 9. Nc3 {[%clk 1:30:30]} Nf6 {[%clk
1:30:30]} 10. Re1 {[%clk 1:30:30]} O-O {[%clk 1:30:30]} 11. Bf4 {[%clk 1:30:30]}
d5 {[%clk 1:30:30]} 12. e5 {[%clk 1:30:30]} Nh5 {[%clk 1:30:30]} 13. Bd2 {[%clk
1:30:30]} f6 {[%clk 1:30:30]} 14. e6 {[%clk 1:30:30]} Qd6 {[%clk 1:30:30]} 15.
Qb3 {[%clk 1:30:30]} Rfd8 {[%clk 1:30:30]} 16. Rac1 {[%clk 1:30:30]} f5 {[%clk
1:30:30]} 17. Nb5 {[%clk 1:30:30]} Qb8 {[%clk 1:30:30]} 18. Bc3 {[%clk 1:30:30]}
Nf6 {[%clk 1:30:30]} 19. Nd2 {[%clk 1:30:30]} Ne4 {[%clk 1:30:30]} 20. Nxe4
{[%clk 1:30:30]} fxe4 {[%clk 1:30:30]} 21. Rcd1 {[%clk 1:30:30]} a6 {[%clk
1:30:30]} 22. Na3 {[%clk 1:30:30]} b5 {[%clk 1:30:30]} 23. Nc2 {[%clk 1:30:30]}
a5 {[%clk 1:30:30]} 24. a3 {[%clk 1:30:30]} Ra6 {[%clk 1:30:30]} 25. Qa2 {[%clk
1:30:30]} Qd6 {[%clk 1:30:30]} 26. b4 {[%clk 1:30:30]} axb4 {[%clk 1:30:30]} 27.
Nxb4 {[%clk 1:30:30]} Nxb4 {[%clk 1:30:30]} 0-1

[Event "Campeonato España Sub 16"]
[Site "Salobreña"]
[Date "2017.07.25"]
[Round "3"]
[White "Gillis Onieva, Celia"]
[Black "Martinez Bernardo, Aitor"]
[Result "0-1"]
[Board "22"]
[WhiteClock "1:27"]
[WhiteElo "2032"]
[WhiteCountry "ESP"]
[WhiteFideId "32092652"]
[WhiteEloChange "-16"]
[BlackClock "1:30"]
[BlackElo "1803"]
[BlackCountry "ESP"]
[BlackFideId "32010109"]
[BlackEloChange "16"]

1. d4 {[%clk 1:27:00]} Nf6 {[%clk 1:30:00]} 2. c4 {[%clk 1:27:00]} g6 {[%clk
1:30:00]} 3. Nc3 {[%clk 1:28:00]} d5 {[%clk 1:30:00]} 4. cxd5 {[%clk 1:28:00]}
Nxd5 {[%clk 1:31:00]} 5. e4 {[%clk 1:28:00]} Nxc3 {[%clk 1:31:00]} 6. bxc3 {[%clk
1:29:00]} Bg7 {[%clk 1:31:00]} 7. Nf3 {[%clk 1:29:00]} c5 {[%clk 1:31:00]} 8. Rb1
{[%clk 1:30:00]} O-O {[%clk 1:31:00]} 9. Be2 {[%clk 1:30:00]} Nc6 {[%clk
1:26:00]} 10. d5 {[%clk 1:30:00]} Ne5 {[%clk 1:25:00]} 11. Nxe5 {[%clk 1:28:00]}
Bxe5 {[%clk 1:26:00]} 12. Qb3 {[%clk 1:24:00]} Qa5 {[%clk 1:24:00]} 13. Bd2
{[%clk 1:23:00]} a6 {[%clk 1:23:00]} 14. a4 {[%clk 1:15:00]} Bd7 {[%clk 1:21:00]}
15. O-O {[%clk 1:08:00]} Rab8 {[%clk 1:14:00]} 16. Ra1 {[%clk 0:50:00]} Rfc8
{[%clk 1:12:00]} 17. f4 {[%clk 0:48:00]} Bg7 {[%clk 1:11:00]} 18. e5 {[%clk
0:40:00]} c4 {[%clk 1:11:00]} 19. Qb4 {[%clk 0:39:00]} Qxd5 {[%clk 1:12:00]} 20.
Rfd1 {[%clk 0:36:00]} Bc6 {[%clk 1:10:00]} 21. Bf3 {[%clk 0:33:00]} Qe6 {[%clk
1:09:00]} 22. Bxc6 {[%clk 0:31:00]} Rxc6 {[%clk 1:09:00]} 23. Be3 {[%clk
0:31:00]} b5 {[%clk 0:58:00]} 24. Rd2 {[%clk 0:29:00]} Bf8 {[%clk 0:58:00]} 25.
Rad1 {[%clk 0:28:00]} Rcc8 {[%clk 0:58:00]} 26. Rd7 {[%clk 0:18:38]} Qc6 {[%clk
0:57:00]} 27. axb5 {[%clk 0:16:58]} axb5 {[%clk 0:57:00]} 28. Qb1 {[%clk
0:12:05]} b4 {[%clk 0:54:00]} 29. cxb4 {[%clk 0:09:40]} c3 {[%clk 0:54:00]} 30.
Qc2 {[%clk 0:05:39]} Rxb4 {[%clk 0:55:00]} 31. Qd3 {[%clk 0:02:51]} Rb2 {[%clk
0:40:00]} 32. Qd5 {[%clk 0:03:14]} c2 {[%clk 0:40:00]} 33. Rc1 {[%clk 0:02:44]}
Rb1 {[%clk 0:39:00]} 34. Qxc6 {[%clk 0:02:21]} Rxc6 {[%clk 0:39:00]} 35. Kf2
{[%clk 0:02:13]} e6 {[%clk 0:39:00]} 36. Ke2 {[%clk 0:02:00]} Ba3 {[%clk
0:39:00]} 37. f5 {[%clk 0:00:35]} gxf5 {[%clk 0:38:00]} 38. Rd8+ {[%clk 0:00:42]}
Kg7 {[%clk 0:38:00]} 39. Bg5 {[%clk 0:00:35]} Bxc1 {[%clk 0:38:00]} 0-1

[Event "Campeonato España Sub 16"]
[Site "Salobreña"]
[Date "2017.07.25"]
[Round "3"]
[White "Villacorta Nicolas, David"]
[Black "Gonzalez Eiris, Daniel"]
[Result "1-0"]
[Board "23"]
[WhiteClock "1:28"]
[WhiteElo "2019"]
[WhiteCountry "ESP"]
[WhiteFideId "22295135"]
[WhiteEloChange "4"]
[BlackClock "1:30"]
[BlackElo "1799"]
[BlackCountry "ESP"]
[BlackFideId "32066643"]
[BlackEloChange "-4"]

1. e4 {[%clk 1:28:00]} e6 {[%clk 1:30:00]} 2. d4 {[%clk 1:29:00]} d5 {[%clk
1:31:00]} 3. Nc3 {[%clk 1:29:00]} Nf6 {[%clk 1:31:00]} 4. e5 {[%clk 1:29:00]}
Nfd7 {[%clk 1:32:00]} 5. f4 {[%clk 1:29:00]} c5 {[%clk 1:32:00]} 6. Nf3 {[%clk
1:30:00]} Nc6 {[%clk 1:33:00]} 7. Be3 {[%clk 1:30:00]} Be7 {[%clk 1:33:00]} 8.
Qd2 {[%clk 1:27:00]} a6 {[%clk 1:32:00]} 9. dxc5 {[%clk 1:25:00]} Nxc5 {[%clk
1:31:00]} 10. O-O-O {[%clk 1:19:00]} b5 {[%clk 1:22:00]} 11. Qf2 {[%clk 1:18:00]}
Nd7 {[%clk 1:22:00]} 12. Nd4 {[%clk 1:11:00]} Qc7 {[%clk 1:09:00]} 13. Qg3 {[%clk
1:08:00]} g6 {[%clk 1:03:00]} 14. f5 {[%clk 1:01:00]} Nxd4 {[%clk 1:02:00]} 15.
Bxd4 {[%clk 1:00:00]} gxf5 {[%clk 0:48:00]} 16. Nxd5 {[%clk 0:55:00]} exd5 {[%clk
0:38:00]} 17. e6 {[%clk 0:55:00]} Qxg3 {[%clk 0:37:00]} 18. exd7+ {[%clk
0:55:00]} Bxd7 {[%clk 0:38:00]} 19. hxg3 {[%clk 0:56:00]} f6 {[%clk 0:38:00]} 20.
Re1 {[%clk 0:52:00]} Kf7 {[%clk 0:37:00]} 21. Be2 {[%clk 0:44:00]} Rag8 {[%clk
0:28:00]} 22. Bh5+ {[%clk 0:34:00]} Kf8 {[%clk 0:28:00]} 23. Be3 {[%clk 0:32:00]}
h6 {[%clk 0:24:00]} 24. Bf4 {[%clk 0:32:00]} d4 {[%clk 0:19:30]} 25. Rd1 {[%clk
0:27:00]} Bc6 {[%clk 0:16:51]} 26. Rhe1 {[%clk 0:23:00]} Bxg2 {[%clk 0:12:52]}
27. Re6 {[%clk 0:22:00]} a5 {[%clk 0:07:20]} 28. Rxd4 {[%clk 0:21:00]} Rh7 {[%clk
0:04:43]} 29. Rd7 {[%clk 0:21:00]} Rgg7 {[%clk 0:03:33]} 30. Rd8+ {[%clk
0:21:00]} 1-0

[Event "Campeonato España Sub 16"]
[Site "Salobreña"]
[Date "2017.07.25"]
[Round "3"]
[White "Martin Rodriguez, Pablo"]
[Black "Dominguez Ruiz, Mario"]
[Result "0-1"]
[Board "24"]
[WhiteClock "1:30"]
[WhiteElo "1801"]
[WhiteCountry "ESP"]
[WhiteFideId "24518875"]
[WhiteEloChange "-5"]
[BlackClock "1:30"]
[BlackElo "2004"]
[BlackCountry "ESP"]
[BlackFideId "32092563"]
[BlackEloChange "5"]

1. Nf3 {[%clk 1:30:00]} Nf6 {[%clk 1:30:00]} 2. c4 {[%clk 1:30:00]} g6 {[%clk
1:31:00]} 3. g3 {[%clk 1:30:00]} d6 {[%clk 1:28:00]} 4. Bg2 {[%clk 1:30:00]} c5
{[%clk 1:28:00]} 5. O-O {[%clk 1:30:00]} Nc6 {[%clk 1:27:00]} 6. Nc3 {[%clk
1:29:00]} Bg7 {[%clk 1:27:00]} 7. d4 {[%clk 1:28:00]} cxd4 {[%clk 1:25:00]} 8.
Nxd4 {[%clk 1:28:00]} Bd7 {[%clk 1:26:00]} 9. e4 {[%clk 1:25:00]} O-O {[%clk
1:26:00]} 10. h3 {[%clk 1:22:00]} Nxd4 {[%clk 1:24:00]} 11. Qxd4 {[%clk 1:23:00]}
Bc6 {[%clk 1:24:00]} 12. Qd1 {[%clk 1:20:00]} a5 {[%clk 1:24:00]} 13. Be3 {[%clk
1:20:00]} Nd7 {[%clk 1:23:00]} 14. Rc1 {[%clk 1:18:00]} a4 {[%clk 1:20:00]} 15.
Qe2 {[%clk 1:06:00]} Qa5 {[%clk 1:14:00]} 16. Nd5 {[%clk 1:00:00]} Bxd5 {[%clk
1:13:00]} 17. cxd5 {[%clk 1:00:00]} Rfc8 {[%clk 1:13:00]} 18. Bg5 {[%clk
0:51:00]} Bf6 {[%clk 1:11:00]} 19. Bxf6 {[%clk 0:51:00]} Nxf6 {[%clk 1:10:00]}
20. Rc2 {[%clk 0:45:00]} Rc5 {[%clk 1:09:00]} 21. Rfc1 {[%clk 0:45:00]} b6 {[%clk
1:09:00]} 22. e5 {[%clk 0:38:00]} Ne8 {[%clk 1:04:00]} 23. h4 {[%clk 0:29:00]} a3
{[%clk 1:02:00]} 24. b3 {[%clk 0:29:00]} Rac8 {[%clk 1:02:00]} 25. exd6 {[%clk
0:26:00]} exd6 {[%clk 1:02:00]} 26. Rxc5 {[%clk 0:26:00]} bxc5 {[%clk 1:02:00]}
27. Rc4 {[%clk 0:24:00]} Kf8 {[%clk 0:57:00]} 28. h5 {[%clk 0:16:33]} Ng7 {[%clk
0:49:00]} 29. hxg6 {[%clk 0:15:51]} hxg6 {[%clk 0:49:00]} 30. Rh4 {[%clk
0:13:50]} Kg8 {[%clk 0:49:00]} 31. Re4 {[%clk 0:13:03]} Kf8 {[%clk 0:42:00]} 32.
Rh4 {[%clk 0:10:19]} Kg8 {[%clk 0:42:00]} 33. Re4 {[%clk 0:09:52]} Qc3 {[%clk
0:33:00]} 34. Qe1 {[%clk 0:08:14]} Qxe1+ {[%clk 0:30:00]} 35. Rxe1 {[%clk
0:08:42]} Re8 {[%clk 0:31:00]} 36. Kf1 {[%clk 0:08:35]} Rxe1+ {[%clk 0:27:00]}
37. Kxe1 {[%clk 0:09:01]} Nf5 {[%clk 0:28:00]} 38. Kd2 {[%clk 0:08:58]} Nd4
{[%clk 0:28:00]} 39. Kd3 {[%clk 0:08:55]} Nxb3 {[%clk 0:28:00]} 40. Kc3 {[%clk
0:08:17]} Nd4 {[%clk 0:28:00]} 41. Bf1 {[%clk 0:08:18]} Kg7 {[%clk 0:28:00]} 42.
Kd3 {[%clk 0:08:18]} g5 {[%clk 0:28:00]} 43. Ke4 {[%clk 0:08:11]} f5+ {[%clk
0:28:00]} 44. Ke3 {[%clk 0:08:20]} Kg6 {[%clk 0:26:00]} 45. Bd3 {[%clk 0:07:18]}
Kh5 {[%clk 0:25:00]} 46. f3 {[%clk 0:06:48]} Kg6 {[%clk 0:25:00]} 47. g4 {[%clk
0:05:51]} Kf6 {[%clk 0:25:00]} 48. gxf5 {[%clk 0:04:30]} Nxf5+ {[%clk 0:26:00]}
49. Kd2 {[%clk 0:04:06]} Ke5 {[%clk 0:25:00]} 50. Be4 {[%clk 0:04:03]} Kf4 {[%clk
0:26:00]} 51. Kd3 {[%clk 0:03:34]} Nd4 {[%clk 0:26:00]} 52. Kc3 {[%clk 0:02:57]}
g4 {[%clk 0:26:00]} 53. Bd3 {[%clk 0:02:59]} Kxf3 {[%clk 0:26:00]} 0-1

[Event "Campeonato España Sub 16"]
[Site "Salobreña"]
[Date "2017.07.25"]
[Round "3"]
[White "Sobrino Forte, Alvaro"]
[Black "Ruiz Gonzalez, Jorge"]
[Result "1-0"]
[Board "25"]
[WhiteClock "1:30"]
[WhiteElo "2003"]
[WhiteCountry "ESP"]
[WhiteFideId "24549495"]
[WhiteEloChange "4"]
[BlackClock "1:30"]
[BlackElo "1765"]
[BlackCountry "ESP"]
[BlackFideId "24536458"]
[BlackEloChange "-4"]

1. e4 {[%clk 1:30:00]} c5 {[%clk 1:30:00]} 2. Nf3 {[%clk 1:31:00]} d6 {[%clk
1:31:00]} 3. d4 {[%clk 1:31:00]} cxd4 {[%clk 1:31:00]} 4. Nxd4 {[%clk 1:32:00]}
Nf6 {[%clk 1:31:00]} 5. Nc3 {[%clk 1:32:00]} a6 {[%clk 1:32:00]} 6. Bg5 {[%clk
1:32:00]} e6 {[%clk 1:32:00]} 7. f4 {[%clk 1:32:00]} Be7 {[%clk 1:32:00]} 8. Qf3
{[%clk 1:32:00]} Qc7 {[%clk 1:33:00]} 9. O-O-O {[%clk 1:31:00]} b5 {[%clk
1:31:00]} 10. e5 {[%clk 1:26:00]} Bb7 {[%clk 1:31:00]} 11. Qg3 {[%clk 1:25:00]}
dxe5 {[%clk 1:20:00]} 12. fxe5 {[%clk 1:23:00]} Nh5 {[%clk 1:16:00]} 13. Qh4
{[%clk 1:20:00]} g6 {[%clk 1:15:00]} 14. Bxb5+ {[%clk 1:04:00]} axb5 {[%clk
1:10:00]} 15. Ndxb5 {[%clk 1:03:00]} Bxg5+ {[%clk 1:11:00]} 16. Qxg5 {[%clk
1:02:00]} Qb6 {[%clk 1:11:00]} 17. Nd6+ {[%clk 1:00:00]} Kf8 {[%clk 1:10:00]} 18.
Rhf1 {[%clk 0:55:00]} f5 {[%clk 1:09:00]} 19. exf6 {[%clk 0:55:00]} 1-0

[Event "Campeonato España Sub 16"]
[Site "Salobreña"]
[Date "2017.07.26"]
[Round "4"]
[White "Castillo Dalmau, Albert"]
[Black "Guerra Rivera, Salvador"]
[Result "0-1"]
[Board "1"]
[WhiteElo "2258"]
[WhiteCountry "ESP"]
[WhiteFideId "32009925"]
[WhiteEloChange "-7"]
[BlackTitle "FM"]
[BlackElo "2362"]
[BlackCountry "ESP"]
[BlackFideId "32096542"]
[BlackEloChange "7"]

1. c4 {[%clk 1:30:30]} c5 {[%clk 1:30:30]} 2. g3 {[%clk 1:30:30]} g6 {[%clk
1:30:30]} 3. Bg2 {[%clk 1:30:30]} Bg7 {[%clk 1:30:30]} 4. Nc3 {[%clk 1:30:30]}
Nc6 {[%clk 1:30:30]} 5. Nf3 {[%clk 1:30:30]} d6 {[%clk 1:30:30]} 6. O-O {[%clk
1:30:30]} Bf5 {[%clk 1:30:30]} 7. h3 {[%clk 1:30:30]} Nf6 {[%clk 1:30:30]} 8. d3
{[%clk 1:30:30]} O-O {[%clk 1:30:30]} 9. Be3 {[%clk 1:30:30]} Rb8 {[%clk
1:30:30]} 10. Qd2 {[%clk 1:30:30]} a6 {[%clk 1:30:30]} 11. Bh6 {[%clk 1:30:30]}
b5 {[%clk 1:30:30]} 12. Bxg7 {[%clk 1:30:30]} Kxg7 {[%clk 1:30:30]} 13. Nd5
{[%clk 1:30:30]} Bd7 {[%clk 1:30:30]} 14. Nxf6 {[%clk 1:30:30]} exf6 {[%clk
1:30:30]} 15. b3 {[%clk 1:30:30]} Re8 {[%clk 1:30:30]} 16. Rfd1 {[%clk 1:30:30]}
Qc8 {[%clk 1:30:30]} 17. Kh2 {[%clk 1:30:30]} Ne5 {[%clk 1:30:30]} 18. Ng1 {[%clk
1:30:30]} h5 {[%clk 1:30:30]} 19. f4 {[%clk 1:30:30]} Nc6 {[%clk 1:30:30]} 20.
Nf3 {[%clk 1:30:30]} Nd4 {[%clk 1:30:30]} 21. Nxd4 {[%clk 1:30:30]} cxd4 {[%clk
1:30:30]} 22. Rf1 {[%clk 1:30:30]} Qc5 {[%clk 1:30:30]} 23. Bd5 {[%clk 1:30:30]}
Re3 {[%clk 1:30:30]} 24. Rf3 {[%clk 1:30:30]} Rbe8 {[%clk 1:30:30]} 25. Rxe3
{[%clk 1:30:30]} Rxe3 {[%clk 1:30:30]} 26. Rf1 {[%clk 1:30:30]} Qc8 {[%clk
1:30:30]} 27. Rf3 {[%clk 1:30:30]} Re8 {[%clk 1:30:30]} 28. h4 {[%clk 1:30:30]}
Bg4 {[%clk 1:30:30]} 29. Rf2 {[%clk 1:30:30]} Re3 {[%clk 1:30:30]} 30. Qb2 {[%clk
1:30:30]} Qc5 {[%clk 1:30:30]} 31. Kg2 {[%clk 1:30:30]} b4 {[%clk 1:30:30]} 32.
Qd2 {[%clk 1:30:30]} a5 {[%clk 1:30:30]} 33. Qe1 {[%clk 1:30:30]} Qc8 {[%clk
1:30:30]} 34. Bf3 {[%clk 1:30:30]} Be6 {[%clk 1:30:30]} 35. Be4 {[%clk 1:30:30]}
Bg4 {[%clk 1:30:30]} 36. Bf3 {[%clk 1:30:30]} Bf5 {[%clk 1:30:30]} 37. Qa1 {[%clk
1:30:30]} Qc5 {[%clk 1:30:30]} 38. Qf1 {[%clk 1:30:30]} Qa7 {[%clk 1:30:30]} 39.
Qa1 {[%clk 1:30:30]} Bc8 {[%clk 1:30:30]} 40. Kh2 {[%clk 1:30:30]} Be6 {[%clk
1:30:30]} 41. Kg2 {[%clk 1:30:30]} Qc5 {[%clk 1:30:30]} 42. Kh2 {[%clk 1:30:30]}
d5 {[%clk 1:30:30]} 43. cxd5 {[%clk 1:30:30]} Bxd5 {[%clk 1:30:30]} 44. Bxd5
{[%clk 1:30:30]} Qxd5 {[%clk 1:30:30]} 45. Qc1 {[%clk 1:30:30]} Qe6 {[%clk
1:30:30]} 46. Qc5 {[%clk 1:30:30]} Qg4 {[%clk 1:30:30]} 47. Rg2 {[%clk 1:30:30]}
Rxe2 {[%clk 1:30:30]} 48. Qxd4 {[%clk 1:30:30]} Qf3 {[%clk 1:30:30]} 49. Qg1
{[%clk 1:30:30]} Qxd3 {[%clk 1:30:30]} 50. Qf1 {[%clk 1:30:30]} Rxg2+ {[%clk
1:30:30]} 51. Qxg2 {[%clk 1:30:30]} Qc3 {[%clk 1:30:30]} 52. Qf2 {[%clk 1:30:30]}
Qc6 {[%clk 1:30:30]} 53. Qb2 {[%clk 1:30:30]} Qf3 {[%clk 1:30:30]} 54. Qd2 {[%clk
1:30:30]} Qg4 {[%clk 1:30:30]} 55. Qd3 {[%clk 1:30:30]} Qc8 {[%clk 1:30:30]} 56.
Qd2 {[%clk 1:30:30]} Qc3 {[%clk 1:30:30]} 57. Qe2 {[%clk 1:30:30]} Qc6 {[%clk
1:30:30]} 58. Qd2 {[%clk 1:30:30]} Qb5 {[%clk 1:30:30]} 59. Qb2 {[%clk 1:30:30]}
Qd3 {[%clk 1:30:30]} 60. Qf2 {[%clk 1:30:30]} Qb5 {[%clk 1:30:30]} 61. Qd2 {[%clk
1:30:30]} a4 {[%clk 1:30:30]} 62. bxa4 {[%clk 1:30:30]} Qxa4 {[%clk 1:30:30]} 63.
Qb2 {[%clk 1:30:30]} Qb5 {[%clk 1:30:30]} 64. Qd2 {[%clk 1:30:30]} Qc4 {[%clk
1:30:30]} 65. Qf2 {[%clk 1:30:30]} Kf8 {[%clk 1:30:30]} 66. Qd2 {[%clk 1:30:30]}
Ke7 {[%clk 1:30:30]} 67. Qe3+ {[%clk 1:30:30]} Kd6 {[%clk 1:30:30]} 68. Qa7
{[%clk 1:30:30]} Ke6 {[%clk 1:30:30]} 69. Qa5 {[%clk 1:30:30]} Qe2+ {[%clk
1:30:30]} 70. Kh3 {[%clk 1:30:30]} Qf1+ {[%clk 1:30:30]} 71. Kh2 {[%clk 1:30:30]}
Qc4 {[%clk 1:30:30]} 72. Qa7 {[%clk 1:30:30]} Kf5 {[%clk 1:30:30]} 73. Qd7+
{[%clk 1:30:30]} Ke4 {[%clk 1:30:30]} 74. Qd2 {[%clk 1:30:30]} Qc3 {[%clk
1:30:30]} 75. Qe2+ {[%clk 1:30:30]} Qe3 {[%clk 1:30:30]} 76. Qg2+ {[%clk
1:30:30]} Qf3 {[%clk 1:30:30]} 77. Qc2+ {[%clk 1:30:30]} Qd3 {[%clk 1:30:30]} 78.
Qc6+ {[%clk 1:30:30]} Ke3 {[%clk 1:30:30]} 79. Qxf6 {[%clk 1:30:30]} Qc2+ {[%clk
1:30:30]} 80. Kh1 {[%clk 1:30:30]} Kf3 {[%clk 1:30:30]} 0-1